000 00589nam a2200229Ia 4500
003 OSt
005 20221005121447.0
006 a|||||r|||| 00| 0
007 ta
008 221004b |||||||| |||| 00| 0 eng d
024 _a34428
037 _cTextual
040 _aCRL
_cCRL
_beng
041 _2eng
_aeng
082 _aN55962xI50x, J7
100 _aPhilip Lotte Brand Ed
_9630642
245 0 _aHieronymus Bosch about 1450-1516
260 _c1957
650 _aARTS
942 _hN55962xI50x, J7
_cTEXL
_2cc
999 _c1041214
_d1041214